Statistics for Chocolate Chip Cookie Ingredients

Click here to take the quiz!

General Stats

  • This quiz has been taken 619 times
  • The average score is 7 of 9

Answer Stats

HintAnswer% Correct
FFlour
98%
SSugar
95%
CChocolate chips
91%
EEggs
89%
BButter
84%
SSalt
81%
BBaking soda
77%
VVanilla
76%
BBrown sugar
35%

Score Distribution

Percentile by Number Answered

Percent of People with Each Score

Your Score History

You have not taken this quiz